🌸 Pink Map Quiz - Name Asia Countries - Statistics

General Stats
  • This quiz has been taken 1,814 times
  • The average score is 45 of 48
Answers on the Map
Answers color-coded by a green-red scale on the quiz's map according to % correct below.
 
Answer Stats
Answer % Correct
China
98%
India
97%
Japan
96%
Afghanistan
95%
Indonesia
95%
Iran
95%
Iraq
95%
Kazakhstan
95%
Mongolia
95%
Nepal
95%
North Korea
95%
Pakistan
95%
Saudi Arabia
95%
South Korea
95%
Turkey
95%
Vietnam
95%
Laos
94%
Oman
94%
Philippines
94%
Sri Lanka
94%
Thailand
94%
Yemen
94%
Bangladesh
93%
Malaysia
93%
Myanmar
93%
Taiwan
93%
United Arab Emirates
93%
Uzbekistan
93%
Bhutan
92%
Cambodia
92%
Israel
92%
Jordan
92%
Qatar
92%
Syria
92%
Turkmenistan
92%
Armenia
91%
Azerbaijan
91%
Georgia
91%
Kyrgyzstan
91%
Kuwait
90%
Singapore
90%
Tajikistan
90%
Lebanon
89%
Maldives
89%
Bahrain
88%
Cyprus
87%
Brunei
86%
East Timor
86%
No matching quizzes found
Score Distribution
Percent of People with Each Score
Percentile by Number Answered
Your Score History
You have not taken this quiz